| 000 | 00759nam a2200277Ia 4500 | ||
|---|---|---|---|
| 005 | 20250425162347.0 | ||
| 008 | 250425s9999 xx 000 0 und d | ||
| 020 | _a9685722374 | ||
| 041 | _aspa | ||
| 082 | _a333.7 | ||
| 100 | _aBOTELHO, GASTAO | ||
| 245 | 0 | _aGOLFO DE MEXICO: CONTAMINACION E IMPACTO AMBIENTAL: DIAGNOSTICO Y TENDENCIAS | |
| 250 | _a2A ED. | ||
| 260 | _aMEXICO | ||
| 260 |
_aMéxico _bUNIVERSIDAD AUTONOMA DE CAMPECHE _c2005 |
||
| 300 | _a695 | ||
| 650 | _aANALISIS DE IMPACTO AMBIENTAL | ||
| 650 | _aCONTAMINACION | ||
| 650 | _aECOSISTEMAS ACUATICOS | ||
| 650 | _aGOLFO DE MEXICO | ||
| 650 | _aMEDIO AMBIENTE | ||
| 700 | _aGOLD-BOUCHOT, GERARDO | ||
| 700 | _aRENDON VON OSTEN, JAIME | ||
| 942 | _c01 | ||
| 010 | _a65910 | ||
| 999 |
_c227680 _d227680 |
||